000
00251nam a2200097Ia 4500
001
719652
005
20250826163047.0
008
250824s9999 xx 000 0 und d
245
0
_a
YUNUS EMRE AŞKIN VAV HALİ
_c
MUSTAFA AKGÜN
260
_b
PANAMA YAYINLARI
999
_c
719652
_d
719652